Test Úžitok pre celú rodinu

Bibliographic Details
Other Authors: Lauko, Miloš (Publishing director)
Format: Journal
Language:Slovak
PhysicalDescription:7 zv. 30 cm
Published: Bratislava Asociácia spotrebiteľských médií, člen Združenia slovenských spotrebiteľov 1996-2002
ISSN:1335-1834
Subjects:

MARC

LEADER 00000cas a2200000 a 4500
001 vtls008880331
003 SK-MaSNL
005 20260228162258.0
008 990614c19962002xo mr|p r 0 0 b0slo
022 |a 1335-1834 
035 |a (SVKBB03)vtls000031483 
040 |a SVKBB  |b slo  |c SVKBB  |d SVKPO  |d SNK  |e AACR2 
041 0 |a slo 
044 |a xo  |c SK 
072 7 |a 658  |x Riadenie a správa podniku  |2 konspekt 
080 |a 366-05  |2 2011 
080 |a 658.62  |2 2011 
080 |a 050  |2 2011 
210 0 |a Test 
222 0 |a Test 
245 0 0 |a Test  |b Úžitok pre celú rodinu 
260 |a Bratislava  |b Asociácia spotrebiteľských médií, člen Združenia slovenských spotrebiteľov  |c 1996-2002 
300 |a 7 zv.  |c 30 cm 
310 |a 1x mesačne 
362 0 |a Roč. 1, č. 1 (1996)-roč. 7, č. 9-10 (2002) 
500 |a Šéfredaktor: Miloš Lauko 
500 |a Registračné č. MK SR: 1455/96 
650 0 7 |a spotrebitelia  |2 SNKPH  |9 15048 
650 0 7 |a testovanie výrobkov  |2 SNKPH  |9 267388 
650 0 7 |a spotrebný tovar  |2 SNKPH  |9 3633 
655 7 |a špecializované časopisy  |2 SNKPH  |9 70509 
700 1 |a Lauko, Miloš,  |4 pbd  |9 270705 
852 |a Štátna vedecká knižnica v Banskej Bystrici 
852 |a Štátna vedecká knižnica v Prešove 
910 |a snk 
910 |a svkbb 
910 |a svkpo 
999 |c 7401  |d 9331 
952 |0 0  |1 0  |4 0  |7 1  |8 0  |a SNK  |b SNK  |d 2019-08-21  |i snk2019/21263  |l 0  |o snkČSB 7246/5/2000  |p 17A1370477  |r 2026-02-21 22:29:02  |t č. 1-12, neúplné  |w 2026-02-21  |y NEVYP  |z Chýba č. 1, 2 
952 |0 0  |1 0  |4 0  |7 1  |8 0  |a SNK  |b SNK  |d 2019-08-21  |i snk2019/21265  |l 0  |o snkČSB 7246/6/2001  |p 17A1370478  |r 2026-02-21 22:29:02  |t č. 1-12, neúplné  |w 2026-02-21  |y NEVYP  |z Chýba č. 1-4, 6-10, 12 
952 |0 0  |1 0  |4 0  |7 1  |8 0  |a SNK  |b SNK  |d 2019-08-21  |i snk2019/21266  |l 0  |o snkČSB 7246/7/2002  |p 17A1370479  |r 2026-02-21 22:29:02  |t č. 1-10, neúplné  |w 2026-02-21  |y NEVYP  |z Chýba č. 1, 3-8